| 000 | 00968nam a2200265 i 4500 | ||
|---|---|---|---|
| 003 | EG-ScBUE | ||
| 005 | 20240121122839.0 | ||
| 008 | 100712s2006 sy af 000 0 ara d | ||
| 040 |
_aEG-ScBUE _bara _erda _cEG-ScBUE _dEG-ScBUE |
||
| 043 | _af-sj--- | ||
| 082 | 0 | 4 |
_222 _a962.4 _bص ق ر |
| 100 | 1 |
_916197 _aصقر ، تركي، _eمؤلف. |
|
| 245 | 1 | 0 |
_aالسودان بين الدهشة والشجن / _cالدكتور تركي صقر. |
| 246 | 1 | 4 |
_aالسودان بين الدهشة والشجن : _bالعبور إلى المستقبل |
| 264 | 1 |
_aدمشق : _bوزارة الثقافة، _c2006. |
|
| 300 |
_a120 صفحة ؛ _c24 سم |
||
| 336 |
_2rdacontent _aنص _btxt |
||
| 337 |
_aبدون وسيط _2rdamedia _bn |
||
| 338 |
_aمجلد _bnc _2rdacarrier |
||
| 541 |
_aألف باء ؛ _cشراء ؛ |
||
| 651 | 7 |
_2BUEsh _aالسودان _xتاريخ. |
|
| 651 | 7 |
_2BUEsh _aالسودان _xحضارة. |
|
| 655 | _vReading book | ||
| 942 |
_2ddc _cBB |
||
| 999 |
_c14462 _d14462 |
||